| 000 | 00470nab a2200145Ia 4500 | ||
|---|---|---|---|
| 003 | ES-SlBCS | ||
| 005 | 20210601131745.0 | ||
| 008 | 140529s1935 xxu||||| |||| 00| 0 fre d | ||
| 041 | _afre | ||
| 100 | 1 |
_aMarcel, Gabriel _d, 1889-1973 _9100659 |
|
| 245 | 0 | 0 |
_aLes caractéristiques générales du drame claudélien _c Gabriel Marcel |
| 600 | 1 |
_aClaudel, Paul-Drama _9188638 |
|
| 773 | 0 |
_tVie Intelectuelle (La) _gvol. 37, nº. 1, 1935, págs. 133-139 _wRev907 |
|
| 942 | _cAR | ||
| 999 |
_c568268 _d568268 |
||